Sweden : lonely planet.
| Format: | Book |
|---|---|
| Published: |
Victoria:
Lonely Planet Publications,
2012.
|
| Edition: | 5th ed. |
| Subjects: |
| LEADER | 00434cam a2200157 7i4500 | ||
|---|---|---|---|
| 001 | 0000028235 | ||
| 005 | 20130123090000.0 | ||
| 020 | 0 | 0 | |a 9781741797268 |
| 090 | 0 | 0 | |a SWED 910.202 |b SWE |
| 245 | 0 | 0 | |a Sweden : |b lonely planet. |
| 250 | 0 | 0 | |a 5th ed. |
| 260 | 0 | 0 | |a Victoria: |b Lonely Planet Publications, |c 2012. |
| 300 | # | # | |a 375 p. |
| 650 | 0 | 0 | |a Sweden -- |x Guidebooks |
| 651 | 0 | 0 | |a Sweden |
| 999 | |a B000031625 |b Book |c Countries |e Business Information Centre | ||


